000 00301nam a22001217a 4500
008 230704b xxu||||| |||| 00| 0 eng d
020 _a0813300541
082 _a355.033
_bLAI 1984
245 _aThe Soviet Union and Strategic Arms
260 _bWestview Press
_c1984
300 _a160p
942 _2ddc
_cBK
999 _c3753
_d3753